An Extended Proximity Relation and Quantified Aggregation for Designing Robust Fuzzy Query Engine
V tomto článku navrhujeme nový model robustného dopytovacieho modelu, ktorý rieši nejasnosti v údajoch a požiadavkách používateľov. Jeho cieľom je pomôcť používateľom pri odporúčaní podobných produktov alebo služieb vyhľadávaním najvhodnejších entít, keď sú uznané obmedzenia otázok a odporúčacích pr...
Uložené v:
| Hlavný autor: | |
|---|---|
| Ďalší autori: | , |
| Médium: | Kapitola |
| Jazyk: | English |
| Predmet: | |
| Tagy: |
Žiadne tagy, Buďte prvý, kto otaguje tento záznam!
|
MARC
| LEADER | 00000naa$a2200000$$$4500 | ||
|---|---|---|---|
| 001 | 0302758 | ||
| 005 | 20240624112041.6 | ||
| 041 | 0 | |a eng | |
| 044 | |a NL | ||
| 245 | 1 | 0 | |a An Extended Proximity Relation and Quantified Aggregation for Designing Robust Fuzzy Query Engine |c Miroslav Hudec, Miljan Vučetić, Nina Barčáková |
| 520 | |a V tomto článku navrhujeme nový model robustného dopytovacieho modelu, ktorý rieši nejasnosti v údajoch a požiadavkách používateľov. Jeho cieľom je pomôcť používateľom pri odporúčaní podobných produktov alebo služieb vyhľadávaním najvhodnejších entít, keď sú uznané obmedzenia otázok a odporúčacích prístupov. Navrhovaný model zvažuje rôzne komplexné aspekty, vrátane nepresných preferencií vysvetlených lingvistickými pojmami, neistých údajov v súboroch údajov, prepojenia medzi elementárnymi požiadavkami a nedostatku historických údajov potrebných pre personalizované odporúčania. Na dosiahnutie tohto cieľa navrhujeme porovnávanie podobnosti na základe vzťahu rozšírenej blízkosti a prispôsobenú mieru zhody pre elementárne požiadavky. | ||
| 610 | 2 | 0 | |a údaje štatistické |
| 610 | 2 | 0 | |a informatika |
| 610 | 2 | 0 | |a modelovanie |
| 610 | 2 | 0 | |a služby |
| 610 | 2 | 0 | |a používatelia |
| 100 | 1 | |a Hudec, Miroslav, 1969- | |
| 700 | 1 | |a Vučetić, Miljan | |
| 700 | 1 | |a Barčáková, Nina, 1999- | |